| 000 | 00736nam a2200169 a 4500 | ||
|---|---|---|---|
| 008 | 121022s2007 ||||||||||||||||| || u | ||
| 050 | _aPAPERS/STAFF/SIZIYA | ||
| 100 | _aSiziya, Seter | ||
| 245 | 1 | 0 |
_aFactors associated with current cigarette smoking among adolescents in Ville Du Sud, Cote D'Ivoire _cby Seter Siziya; [and others] |
| 260 |
_aLusaka: _bUniversity of Zambia, School of Medicine _c2007 |
||
| 300 | _ap. 40 - p. 46: ill. | ||
| 490 | _aMali Medical | ||
| 490 | _vVol. 22, No. 4 | ||
| 500 | _aBibliography | ||
| 650 | _aCIGARETTE SMOKING--ADOLESCENTS--COTE D'IVOIRE | ||
| 995 |
_aSPECIAL COLLECTIONS _e260 _FCBU-SCHOOL OF MEDICINE LIBRARY (Ndola) _jPAPERS/STAFF/SIZIYA _M1 _UAVAILABLE _WNov 15, 2012 _yB260 _ZZambiana Collection |
||
| 999 |
_c31434 _d31434 |
||